| 000 | 01025nam a22002057a 4500 | ||
|---|---|---|---|
| 003 | OSt | ||
| 005 | 20260407055631.0 | ||
| 008 | 260407b |||||||| |||| 00| 0 eng d | ||
| 020 | _a971-16-0092-7 | ||
| 040 |
_aDWC-Main lib. _cOC |
||
| 082 | _aGR. 348.044 Su959 | ||
| 110 | _aEDITORIAL STAFF OF THE CENTRAL LAWBOOK PUBLISHING CO., INC | ||
| 245 |
_aSupreme Court reports : _bannotated/ _cEDITORIAL STAFF OF THE CENTRAL LAWBOOK PUBLISHING CO., INC |
||
| 260 |
_aManila, Philippines : _bCentral Lawbook Publishing Company, Inc |
||
| 300 |
_avarious paging : _c23 cm |
||
| 500 | _avolume 131 to 140 | ||
| 504 | _av.131 - July 31 to August 31, 1984 v.132 - September 5 to October 23, 1984 v. 133 - October 30 to December 1984 v.134 - January to Febrv. 133 - October 30 to December 198485 v.137 - June to July 29, 1985 v.138 - August to September 1985 v.139 - October to November 11, 1985 v.140 - November 12 to December 1985 | ||
| 650 | _a1. Law reports, digests, etc.--- Philippines | ||
| 942 |
_2ddc _cGR _hGR. _n0 |
||
| 999 |
_c9317 _d9317 |
||